[Event "Club Championship 2022 Swiss"]
[Site "Wellington Chess Club"]
[Date "2022.11.10"]
[Round "7.2"]
[White "Ashe, Michael"]
[Black "Loke, Kayden"]
[Result "0-1"]
[WhiteElo "1680"]
[BlackElo "1974"]

1. d4 d5 2. c4 Nf6 3. cxd5 Nxd5 4. e4 Nb6 5. Nf3 Bg4 6. Be2 e6 7. O-O N8d7 8.
a3 c5 9. Be3 Rc8 10. Nc3 Be7 11. Rc1 O-O 12. Na4 Bxf3 13. Bxf3 cxd4 14. Rxc8
Qxc8 15. Bxd4 Rd8 16. Bxb6 Nxb6 17. Nxb6 axb6 18. Qe2 e5 19. Rd1 Rxd1+ 20. Qxd1
Bc5 21. Bg4 Qa8 22. Qd7 g6 23. Qc8+ Qxc8 24. Bxc8 Kf8 25. Bxb7 Ke7 26. Kf1 Kd6
27. Bd5 f6 28. Ke2 Bd4 29. b3 Kc5 30. f3 Bb2 31. a4 Kd4 32. Bg8 h6 33. Bf7 g5
34. g4 Kc3 35. Kf2 Kd2 36. Kg3 Ke3 37. Kg2 Bc3 38. Bc4 Bb4 39. Be6 Ke2 40. Bf5
Bd2 41. Bg6 Kd3 42. Bf7 Kc3 43. Kf2 Bf4 44. h3 Kd3 45. Kg2 Kd4 46. Be6 Kc5 47.
Bf7 Kb4 48. Kf2 Bd2 49. Ke2 Bc3 50. Kd3 Be1 51. Be6 Ka3 52. Kc4 Kb2 53. Kb5 Bf2
54. a5 bxa5 55. Kxa5 Kc3 56. b4 Kd3 57. b5 Ke2 58. Ka6 Kxf3 59. Bf5 Kg3 60. b6
Bc5 61. Kb5 Bd6 62. Kc6 Bb8 63. Kd7 Kxh3 64. Ke6 Kh4 65. Kxf6 h5 66. gxh5 Kxh5
67. Bg6+ Kg4 68. Bf5+ Kf4 69. Bh3 g4 70. Bg2 Kg3 71. Bf1 Kf2 72. Bb5 g3 0-1

[Event "Club Championship 2022 Swiss"]
[Site "Wellington Chess Club"]
[Date "2022.11.10"]
[Round "7.3"]
[White "Henrys, Francis"]
[Black "Katkodia, Ali"]
[Result "1/2-1/2"]
[WhiteElo "1500"]
[BlackElo "1500"]

1. e4 d6 2. d4 Nf6 3. Nc3 g6 4. f4 Bg7 5. Be3 c6 6. h3 Qa5 7. Qd2 Nbd7 8. Bc4
b5 9. Bd3 Ba6 10. e5 b4 11. Nce2 Nd5 12. Bxa6 Qxa6 13. Nf3 N7b6 14. b3 Qc8 15.
O-O h6 16. a3 Nxe3 17. Qxe3 Nd5 18. Qe4 O-O 19. axb4 Nxb4 20. c3 Nd5 21. c4 Nb4
22. Ra4 a5 23. Ng3 Qd7 24. f5 d5 25. cxd5 cxd5 26. Qb1 Qc6 27. fxg6 fxg6 28.
Rc1 Qb6 29. Rc5 Rxf3 30. gxf3 Bxe5 31. Ne2 Bxd4+ 32. Nxd4 Qxc5 33. Qxg6+ Kf8
34. Qxh6+ Kf7 35. Qf4+ Ke8 36. Kh2 Ra6 37. Qg4 Kd8 38. h4 Qd6+ 39. Kh3 e5 40.
Qg8+ Kd7 41. Nf5 Qe6 42. Qxe6+ Kxe6 43. Kg4 d4 44. h5 Ra8 45. h6 Kf6 46. Nh4 d3
47. Ra1 Nc2 48. Rb1 d2 49. Ng2 Rg8+ 50. Kh3 Rxg2 51. Kxg2 Ne3+ 52. Kf2 d1=Q 53.
Rxd1 Nxd1+ 54. Ke2 Nc3+ 55. Kd3 Nb5 56. h7 Kg7 57. Ke4 Nd4 58. f4 Nxb3 59. fxe5
Nc5+ 60. Kd5 Nd7 61. e6 Nf6+ 62. Kc5 1/2-1/2

[Event "Club Championship 2022 Swiss"]
[Site "Wellington Chess Club"]
[Date "2022.11.10"]
[Round "7.4"]
[White "Keith, Matthew"]
[Black "Lawrence, Hugo"]
[Result "0-1"]
[WhiteElo "1500"]
[BlackElo "1629"]

1. e4 Nf6 2. Nc3 e5 3. f4 d5 4. fxe5 Nxe4 5. Qf3 Nxc3 6. bxc3 c5 7. d4 Nc6 8.
Bb5 Be7 9. Ne2 Bh4+ 10. g3 Be7 11. Bxc6+ bxc6 12. O-O O-O 13. Nf4 Rb8 14. Nd3
Qa5 15. Nf4 Qa4 16. Re1 cxd4 17. Nh5 Bc5 18. Kg2 Qxc2+ 19. Re2 Qxc3 20. Qf4 Be7
21. Nf6+ Kh8 22. Qh4 Qd3 23. Rf2 Bxf6 24. exf6 Qe4+ 25. Qxe4 dxe4 26. Bf4 Rb5
27. Rc1 Bd7 28. Bd6 Re8 29. Bc5 e3 30. fxg7+ Kg8 31. Rf3 Rb2+ 32. Kf1 Bh3+ 33.
Ke1 Rxh2 34. Rc4 e2 0-1

[Event "Club Championship 2022 Swiss"]
[Site "Wellington Chess Club"]
[Date "2022.11.10"]
[Round "7.5"]
[White "Symon, Chris"]
[Black "Ulm, Joy"]
[Result "1-0"]
[WhiteElo "1863"]
[BlackElo "1500"]

1. Nf3 Nf6 2. d4 e6 3. c4 b6 4. Nc3 Bb7 5. Bg5 Be7 6. g3 h6 7. Bxf6 Bxf6 8. Bg2
O-O 9. O-O c5 10. d5 d6 11. e4 exd5 12. cxd5 Nd7 13. Nd2 Bxc3 14. bxc3 Re8 15.
Re1 b5 16. Rb1 Qa5 17. Qc2 Re7 18. a4 a6 19. Bf1 Qc7 20. axb5 axb5 21. Bxb5
Rae8 22. c4 f5 23. Kf1 fxe4 24. Rxe4 Rxe4 25. Nxe4 Ra8 26. Qe2 Ba6 27. Qg4 Bxb5
28. Rxb5 Re8 29. Qg6 Qd8 30. Nxd6 Nf8 31. Qf7+ 1-0

[Event "Club Championship 2022 Swiss"]
[Site "Wellington Chess Club"]
[Date "2022.11.10"]
[Round "7.6"]
[White "McConnell, Jack"]
[Black "Saglam, Yigit"]
[Result "0-1"]
[WhiteElo "1410"]
[BlackElo "1500"]

1. d4 d5 2. Nc3 Bf5 3. f3 Nf6 4. Bg5 Nbd7 5. Qd2 c6 6. e3 h6 7. Bh4 e5 8. O-O-O
Qa5 9. Bd3 Be6 10. Nge2 b5 11. dxe5 Nxe5 12. b3 Bb4 13. Kb1 Rb8 14. Bg3 Nfd7
15. f4 Nxd3 16. Qxd3 f5 17. Nd4 Nc5 18. Nxc6 Nxd3 19. Nxa5 Bxc3 20. Nc6 Rb6 21.
Nxa7 Nc5 22. Bf2 Ne4 23. Bh4 g5 24. fxg5 hxg5 25. Be1 Bxe1 26. Rdxe1 Kd7 27. a4
bxa4 0-1

[Event "Club Championship 2022 Swiss"]
[Site "Wellington Chess Club"]
[Date "2022.11.10"]
[Round "7.7"]
[White "Lavender, Ariel"]
[Black "Hall, Nathan"]
[Result "0-1"]
[WhiteElo "1485"]
[BlackElo "1950"]

1. d4 Nf6 2. Nf3 e6 3. c4 b6 4. Nc3 Bb7 5. Qc2 c5 6. e4 cxd4 7. Nxd4 Bb4 8. f3
d5 9. cxd5 O-O 10. Nc6 Nxc6 11. dxc6 Bxc6 12. Be3 Qe7 13. Bd3 h6 14. O-O Rfd8
15. Rfd1 Nd7 16. Ne2 Bb7 17. Qc7 Bc5 18. Nd4 Rab8 19. Qg3 Qf6 20. Nc2 Qxb2 21.
Kh1 Bxe3 22. Nxe3 Nc5 23. Bc4 Rbc8 24. Ng4 Kf8 25. Ne5 Nd7 26. Ng6+ fxg6 27.
Bxe6 Qf6 28. Qd6+ Qe7 29. Qf4+ Ke8 30. Bg8 Nf6 31. Rxd8+ Rxd8 32. Bb3 g5 33.
Qf5 Bc8 34. Ba4+ Bd7 35. Bxd7+ Rxd7 36. Rc1 Qd6 37. Qg6+ Rf7 38. Rc8+ Ke7 39.
Rc1 Nd7 40. Qxd6+ Kxd6 41. Rc8 Nc5 42. Re8 Re7 43. Rd8+ Ke6 44. Kg1 g4 45. Kf2
gxf3 46. Kxf3 Kf6 47. Rf8+ Kg6 48. Ra8 Nxe4 49. g4 Nc3 50. a3 Nb5 51. h4 Nxa3
52. h5+ Kf7 53. Rc8 Nb5 0-1

[Event "Club Championship 2022 Swiss"]
[Site "Wellington Chess Club"]
[Date "2022.11.10"]
[Round "7.8"]
[White "Carlyle, Mathieson"]
[Black "Malcolm, Aidan"]
[Result "0-1"]
[WhiteElo "1532"]
[BlackElo "1780"]

1. e4 d6 2. Nc3 Nf6 3. d4 Nbd7 4. Bg5 e5 5. dxe5 dxe5 6. Nd5 Be7 7. Bxf6 Bxf6
8. Qf3 Bg5 9. h4 Be7 10. O-O-O c6 11. Nxe7 Qxe7 12. Bc4 b5 13. Be2 Nf6 14. Qc3
Bd7 15. f3 Rc8 16. g4 b4 17. Qe3 a5 18. h5 O-O 19. g5 Ne8 20. f4 exf4 21. Qxf4
Be6 22. Qe5 Qa7 23. h6 g6 24. Kb1 a4 25. Rd6 Qe7 26. Rxe6 Qxe6 27. Qf4 b3 28.
axb3 axb3 29. Bg4 Qc4 30. Rh2 Rd8 31. cxb3 Qxb3 32. Rc2 Ra8 33. Bd1 Qa2+ 34.
Kc1 Qa1+ 35. Kd2 Rd8+ 36. Kc3 Qxd1 37. Qe3 Nc7 38. Nf3 Nb5+ 39. Kb3 Rd3+ 0-1

[Event "Club Championship 2022 Swiss"]
[Site "Wellington Chess Club"]
[Date "2022.11.10"]
[Round "7.9"]
[White "Qu, Lucas"]
[Black "Brockway, Andrew"]
[Result "0-1"]
[WhiteElo "1271"]
[BlackElo "1684"]

1. e4 c5 2. Nf3 g6 3. Bc4 e6 4. c3 Bg7 5. d3 d5 6. exd5 exd5 7. Bb3 Qe7+ 8. Kd2
Be6 9. Re1 Nf6 10. Kc2 O-O 11. Bg5 Qd6 12. h3 Nc6 13. Na3 a6 14. Qd2 Rad8 15.
Bf4 Qd7 16. Ne5 Nxe5 17. Bxe5 b5 18. Bxf6 Bxf6 19. Qf4 Bg7 20. Rad1 a5 21. Kb1
b4 22. cxb4 cxb4 23. Nc2 a4 24. Qxb4 axb3 25. Qxb3 Rb8 26. Nb4 Rb7 27. a3 Rfb8
28. Qc2 Bf8 29. Rd2 Rc8 30. Qd1 Bh6 31. Rc2 Rxc2 32. Nxc2 Rc7 33. Qe2 Qc8 34.
Nd4 Rc1+ 35. Rxc1 Qxc1+ 36. Ka2 Qc8 37. b3 Bg7 38. Nxe6 fxe6 39. b4 Kf7 40. a4
Qc3 41. b5 Qb4 42. Qc2 Bf8 43. Qc7+ Be7 44. Qc2 Qa3+ 45. Kb1 Qb4+ 46. Kc1 Qa3+
47. Kd1 Bc5 48. Ke2 Qb4 49. f4 Ke7 50. Kf3 Qd4 51. h4 Bd6 52. g3 Kf6 53. Kg4 e5
54. Qc8 h5+ 55. Kh3 Qc5 56. Qxc5 Bxc5 57. Kg2 exf4 58. gxf4 Ke6 59. Kg3 Kd6 60.
a5 Kc7 61. Kg2 Bb4 62. a6 Kb6 63. Kf1 Bc5 64. Ke2 Kxb5 65. f5 gxf5 66. Kf3 Kxa6
67. Kf4 Be7 68. Kxf5 Bxh4 69. Kg6 Bf2 70. Kxh5 Kb5 71. Kg4 Kc5 72. Kf3 Bh4 73.
Ke2 Kd4 74. Kd2 Bg5+ 75. Kc2 Ke3 76. Kc3 Bf6+ 77. d4 Bxd4+ 78. Kb4 Bh8 79. Kb3
d4 80. Kc2 Ke2 81. Kc1 d3 82. Kb1 d2 83. Ka2 d1=Q 0-1

[Event "Club Championship 2022 Swiss"]
[Site "Wellington Chess Club"]
[Date "2022.11.10"]
[Round "7.10"]
[White "Marney, John"]
[Black "Nazeer, Afique"]
[Result "1-0"]
[WhiteElo "1692"]
[BlackElo "1500"]

1. e4 c5 2. Nf3 Nc6 3. d4 cxd4 4. Nxd4 e5 5. Nb5 a6 6. Nd6+ Bxd6 7. Qxd6 Qf6 8.
Qxf6 Nxf6 9. Nc3 O-O 10. Be3 b5 11. a3 h6 12. f3 d6 13. O-O-O Ne8 14. Be2 f5
15. exf5 Bxf5 16. Bd3 Rd8 17. Bxf5 Rxf5 18. Nd5 Rf7 19. Rd2 Nf6 20. Rhd1 Nxd5
21. Rxd5 Rf6 22. Bb6 Rd7 23. Bc5 Nd4 24. Bxd4 exd4 25. R1xd4 Kf7 26. Re4 Re6
27. Rxe6 Kxe6 28. Rd3 d5 29. Kd2 Rd6 30. Re3+ Kf5 31. Kd3 g5 32. Kd4 Re6 33.
Rxe6 Kxe6 34. g3 h5 35. b3 a5 36. c3 Kd6 37. f4 gxf4 38. gxf4 Ke6 39. a4 bxa4
40. bxa4 h4 41. f5+ Kxf5 42. Kxd5 Kg4 43. c4 Kh3 44. c5 Kxh2 45. c6 Kg2 46. c7
h3 47. c8=Q h2 48. Qh8 h1=Q 49. Qxh1+ Kxh1 50. Kc5 Kg2 51. Kb5 Kf3 52. Kxa5 Ke4
53. Kb6 Kd5 54. a5 Kd6 55. a6 Kd7 56. a7 Kd8 57. a8=Q+ Kd7 58. Qc6+ Ke7 59. Kc5
Kf7 60. Qd6 Ke8 61. Qc7 Kf8 62. Kd6 Kg8 63. Ke6 Kh8 64. Kf6 Kg8 65. Qg7# 1-0

[Event "Club Championship 2022 Swiss"]
[Site "Wellington Chess Club"]
[Date "2022.11.10"]
[Round "7.11"]
[White "Shepherd, Blake"]
[Black "Mangera, Mohammad"]
[Result "1-0"]
[WhiteElo "1497"]
[BlackElo "1510"]

1. d4 Nf6 2. c4 d5 3. cxd5 Nxd5 4. Nf3 Bg4 5. e4 Nf6 6. d5 c6 7. Nc3 e5 8. Qb3
Bxf3 9. Qxb7 Nbd7 10. gxf3 cxd5 11. Nxd5 Nxd5 12. Qxd5 Bb4+ 13. Bd2 Bxd2+ 14.
Qxd2 O-O 15. Rd1 Nf6 16. Qxd8 Rfxd8 17. Rxd8+ Rxd8 18. Bc4 Rc8 19. b3 a5 20. a4
Rd8 21. Ke2 Nh5 22. Rg1 Nf4+ 23. Ke3 Kf8 24. Rc1 Ng2+ 25. Ke2 Nf4+ 26. Ke1 Nd3+
27. Bxd3 Rxd3 28. Rc5 Rxf3 29. Rxe5 Rxb3 30. Rxa5 Rb4 31. e5 Rb2 32. Ra7 f6 33.
e6 Ke8 34. Rxg7 h5 35. a5 Ra2 36. Ra7 h4 37. a6 f5 38. h3 f4 39. f3 Ra3 40. Ke2
Re3+ 41. Kd2 Rxf3 42. Ra8+ Ke7 43. a7 Ra3 44. Rh8 Rxa7 45. Rh7+ 1-0

[Event "Club Championship 2022 Swiss"]
[Site "Wellington Chess Club"]
[Date "2022.11.10"]
[Round "7.12"]
[White "Ulm, Eric"]
[Black "Hooper, John"]
[Result "1/2-1/2"]
[WhiteElo "1500"]
[BlackElo "1247"]

1. e4 e6 2. d4 d5 3. Nc3 Bb4 4. e5 c5 5. a3 Bxc3+ 6. bxc3 Qa5 7. Bd2 b6 8. Qg4
g6 9. Bd3 Ba6 10. Be2 Nh6 11. Qf3 Nf5 12. Bd3 Bxd3 13. Qxd3 Nd7 14. Ne2 c4 15.
Qh3 Qa4 16. O-O Qxc2 17. Rfd1 f6 18. exf6 Nxf6 19. g4 Qe4 20. gxf5 Qxe2 21.
fxe6 Ne4 22. Qe3 Qg4+ 23. Kh1 Rf8 24. Rf1 Nxd2 25. Qxd2 Qf3+ 26. Kg1 Rf4 27.
Rfe1 Rg4+ 28. Kf1 Qh3+ 29. Ke2 Re4+ 30. Kd1 Qf3+ 31. Kc2 Rxe1 32. Rxe1 Qf5+ 33.
Kb2 Ke7 34. Re5 Qf3 35. Qg5+ Qf6 36. Qh6 Qxf2+ 37. Kc1 Qf1+ 38. Kb2 Qf2+
1/2-1/2

[Event "Club Championship 2022 Swiss"]
[Site "Wellington Chess Club"]
[Date "2022.11.10"]
[Round "7.13"]
[White "Wang, Timothy"]
[Black "Farrington, Lawrence"]
[Result "0-1"]
[WhiteElo "1500"]
[BlackElo "1600"]

1. d4 Nf6 2. c4 g6 3. Nc3 Bg7 4. e4 O-O 5. Nf3 d6 6. Bd3 Bg4 7. h3 Bxf3 8. Qxf3
e5 9. d5 Ne8 10. O-O Nd7 11. Be3 a6 12. b4 b6 13. Na4 Bf6 14. c5 bxc5 15. bxc5
Be7 16. cxd6 Bxd6 17. Rac1 Qe7 18. Rc6 Ng7 19. Rxa6 f5 20. Rxa8 Rxa8 21. Nc3
fxe4 22. Bxe4 Rf8 23. Qg4 Nf6 24. Qe2 Nxe4 25. Nxe4 Nf5 26. Nxd6 cxd6 27. Rc1
Qb7 28. Rd1 Rb8 29. g4 Ng7 30. Qd3 Qb5 31. Qxb5 Rxb5 32. f4 exf4 33. Bxf4 Ne8
34. Re1 Kf7 35. Rd1 Ke7 36. Kg2 Nc7 37. a4 Rb4 38. Ra1 Rxf4 39. a5 Rf8 40. Kg3
Ra8 41. Kh4 h6 42. Re1+ Kd7 43. g5 h5 44. Ra1 Nxd5 45. Ra2 Nc7 46. Ra1 d5 47.
Kg3 Kc6 48. Kf4 Re8 49. h4 Kb7 50. Rb1+ Ka7 51. Rc1 Re4+ 52. Kf3 Rc4 53. Rxc4
dxc4 54. Ke3 Nb5 55. Kd2 Ka6 56. Kc2 Kxa5 57. Kb2 Kb4 58. Kc2 Nd4+ 59. Kc1 Nf3
60. Kc2 Nxh4 0-1

[Event "Club Championship 2022 Swiss"]
[Site "Wellington Chess Club"]
[Date "2022.11.10"]
[Round "7.14"]
[White "Darr, Samuel"]
[Black "Mavaram, Eashan"]
[Result "1/2-1/2"]
[WhiteElo "1546"]
[BlackElo "1349"]

1. e4 c5 2. Nf3 d6 3. d4 cxd4 4. Nxd4 Nf6 5. Nc3 a6 6. Bg5 e6 7. Be2 Be7 8. Be3
e5 9. Nb3 Be6 10. Qd2 Nbd7 11. h3 b5 12. a3 Bxb3 13. cxb3 Nc5 14. Qc2 Rb8 15.
b4 Ne6 16. O-O O-O 17. Qd2 Rc8 18. Rac1 Qd7 19. Rc2 Rc6 20. Rfc1 Rfc8 21. Nd5
Rxc2 22. Rxc2 Rxc2 23. Qxc2 Nxd5 24. exd5 Qc7 25. Qd2 Nf8 26. f4 exf4 27. Bxf4
Ng6 28. Bg3 h6 29. b3 Bg5 30. Qd1 Be3+ 31. Kh2 Bf4 32. a4 Bxg3+ 33. Kxg3 Qc3+
34. Qd3 Qxb4 35. Kh2 bxa4 36. bxa4 Qxa4 37. Qxa6 Qf4+ 38. Kh1 Qe3 39. Qc8+ Kh7
40. Qf5 Qf4 41. Qc2 Kg8 42. Qc8+ Kh7 43. Qc2 Qg3 44. Qf5 Qe1+ 45. Bf1 Qe5 46.
Qxf7 Nf4 47. g3 Qxd5+ 48. Qxd5 Nxd5 49. Bd3+ g6 50. Kg2 Kg7 51. Kf3 Kf6 52. Ke4
Ne7 53. h4 Nf5 54. Kf4 g5+ 55. hxg5+ hxg5+ 56. Kg4 Ne3+ 57. Kf3 Nf5 58. g4 Nd4+
59. Ke4 Ne6 60. Bc2 Nf4 61. Bb3 Ne6 62. Kd5 Ke7 63. Ba2 Nf4+ 64. Ke4 Nh3 65.
Kf5 Nf2 66. Kxg5 Nxg4 67. Kxg4 Kf6 68. Kh3 Ke5 69. Kh2 d5 70. Bxd5 1/2-1/2

[Event "Club Championship 2022 Swiss"]
[Site "Wellington Chess Club"]
[Date "2022.11.10"]
[Round "7.15"]
[White "Didar Ali, Azar"]
[Black "Asher, Bruce"]
[Result "1-0"]
[WhiteElo "1500"]
[BlackElo "1056"]

1. e4 e5 2. Nf3 Nc6 3. Bc4 Nf6 4. d3 h6 5. Nc3 Bc5 6. a3 O-O 7. h3 b6 8. b4 Bd6
9. Nh4 Bb7 10. Nf5 a5 11. b5 Nd4 12. Nxd6 cxd6 13. f4 exf4 14. Bxf4 Qe7 15. O-O
Rac8 16. Na4 d5 17. exd5 Nxd5 18. Bxd5 Ne2+ 19. Kh1 Bxd5 20. Nxb6 Rc5 21. Nxd5
Rxd5 22. Re1 Qf6 23. Qxe2 Qxf4 24. c4 Rg5 25. b6 Rb8 26. Rab1 Qf6 27. b7 Qc6
28. Qe4 d5 29. cxd5 Qxd5 30. Qxd5 Rxd5 31. Rec1 Kh7 32. Rc8 Rxb7 33. Rxb7 Rxd3
34. Rxf7 Rg3 35. Kh2 Rg5 36. h4 Rh5 37. Kh3 Re5 38. g4 Re3+ 39. Kg2 Rxa3 40. g5
Ra4 41. Kh3 Rb4 42. Rff8 Rb3+ 43. Kg2 Rb2+ 44. Kf1 Rb1+ 45. Ke2 Rb2+ 46. Kd1
1-0

[Event "Club Championship 2022 Swiss"]
[Site "Wellington Chess Club"]
[Date "2022.11.10"]
[Round "7.17"]
[White "Wang, Justin"]
[Black "Hupert, Leo"]
[Result "0-1"]
[WhiteElo "1500"]
[BlackElo "1385"]

1. d4 d5 2. c4 e6 3. Nc3 c6 4. Nf3 Bb4 5. Bd2 dxc4 6. e4 Nf6 7. Bxc4 Bxc3 8.
Bxc3 Nxe4 9. Bb4 a5 10. Qa4 Bd7 11. O-O c5 12. Bb5 cxb4 13. Bxd7+ Nxd7 14. Rad1
O-O 15. d5 Nec5 16. Qb5 e5 17. Nxe5 Nxe5 18. Qxc5 Qg5 19. d6 Nf3+ 20. Kh1 Qxc5
21. gxf3 Rad8 22. a3 bxa3 23. bxa3 Rxd6 24. Rc1 Qxa3 25. Rfd1 Qxf3+ 26. Kg1
Rxd1+ 27. Rxd1 Qxd1+ 28. Kg2 Re8 29. Kg3 Re4 30. f3 Qe1+ 31. Kg2 Re2+ 32. Kh3
Qf2 33. Kg4 Re3 34. Kf4 Qxf3+ 35. Kg5 h6+ 36. Kh4 g5# 0-1

[Event "Club Championship 2022 Swiss"]
[Site "Wellington Chess Club"]
[Date "2022.11.10"]
[Round "7.18"]
[White "He, Zachary"]
[Black "He, Jacob"]
[Result "1-0"]
[WhiteElo "1500"]
[BlackElo "1500"]

1. e4 e5 2. Nc3 Nc6 3. g3 Nf6 4. Bg2 Bc5 5. f4 Qe7 6. Nf3 d6 7. fxe5 dxe5 8. d3
Be6 9. Ng5 Ng4 10. Nxe6 Nf2 11. Nxg7+ Kf8 12. Nd5 Qd7 13. Qf3 Nxh1 14. Nxc7
Qxc7 15. Ne6+ Ke7 16. Nxc7 Rac8 17. Nd5+ Kf8 18. Bxh1 Nd4 19. Bh6+ Ke8 20. Qf6
Nxc2+ 21. Kd2 Nxa1 22. Qxh8+ Kd7 23. Qxe5 Re8 24. Nf6+ Kd8 25. Qxe8+ Kc7 26.
Nd5+ Kd6 27. Bf4# 1-0

[Event "Club Championship 2022 A grade"]
[Site "Wellington Chess Club"]
[Date "2022.11.17"]
[Round "8.1"]
[White "Tanoi, T Edward"]
[Black "Dive, Russell"]
[Result "0-1"]
[WhiteElo "1984"]
[BlackElo "2384"]

1. d4 Nf6 2. Nf3 b6 3. Bg5 Ne4 4. Bf4 d5 5. e3 e6 6. Nbd2 Nxd2 7. Qxd2 Bd6 8.
Ne5 O-O 9. Bd3 c5 10. c3 Ba6 11. O-O Bxd3 12. Qxd3 Qc7 13. Bg3 Nc6 14. f4 Ne7
15. Rac1 Rac8 16. Kh1 Nf5 17. Bf2 cxd4 18. exd4 f6 19. g4 Ne7 20. Qg3 fxe5 21.
fxe5 Ba3 22. bxa3 Qc4 23. Qh3 Ng6 24. g5 Rf5 25. Bg3 Rcf8 26. Rxf5 Rxf5 27. Kg1
Qxa2 28. Rf1 Ne7 29. Bf4 Qxa3 30. Qg3 Ng6 31. Bd2 Rxf1+ 32. Kxf1 Qf8+ 33. Kg2
Qf5 34. h4 Qc2 35. Qf2 Nxh4+ 36. Kh3 Nf5 37. Kg4 Kf7 38. Qe1 Qd3 39. Bf4 a5 40.
Qa1 Qe2+ 41. Kh3 Qf3+ 0-1

[Event "Club Championship 2022 A grade"]
[Site "Wellington Chess Club"]
[Date "2022.11.17"]
[Round "8.2"]
[White "Pomeroy, Arthur"]
[Black "Van der Hoorn, Thomas"]
[Result "0-1"]
[WhiteElo "2022"]
[BlackElo "2056"]

1. e4 c6 2. d4 d5 3. e5 Bf5 4. h4 h5 5. Bd3 Bxd3 6. Qxd3 e6 7. Bg5 Qb6 8. Nc3
c5 9. Qb5+ Qxb5 10. Nxb5 Kd7 11. dxc5 Bxc5 12. Nf3 Nc6 13. c3 f6 14. Bf4 Nge7
15. Bg3 Nf5 16. exf6 gxf6 17. O-O-O Nxg3 18. fxg3 a6 19. Nbd4 Bxd4 20. Nxd4
Rhg8 21. Rhf1 Nxd4 22. Rxd4 Ke7 23. Rdf4 f5 24. Rb4 b5 25. a4 Rxg3 26. axb5
axb5 27. Rf2 Rag8 28. Rxb5 Rxg2 29. Rb7+ Kf6 30. Rxg2 Rxg2 31. b4 f4 32. Rb8
Ke5 0-1

[Event "Club Championship 2022 A grade"]
[Site "Wellington Chess Club"]
[Date "2022.11.17"]
[Round "8.3"]
[White "Croad, Nic"]
[Black "Cilia Vincenti, David"]
[Result "1-0"]
[WhiteElo "2439"]
[BlackElo "2125"]

1. e4 c5 2. Nf3 e6 3. d3 d5 4. Nbd2 Nc6 5. g3 Bd6 6. Bg2 Nge7 7. O-O O-O 8. Re1
f6 9. c3 d4 10. Nc4 e5 11. cxd4 cxd4 12. Nxd6 Qxd6 13. Bd2 Be6 14. a3 a5 15.
Nh4 b5 16. f4 b4 17. Nf3 bxa3 18. Rxa3 Rfb8 19. fxe5 fxe5 20. Qa1 h6 21. Rc1
Rb5 22. Bf1 Rab8 23. Bxa5 Rxb2 24. Be1 Bg4 25. Nd2 Qf6 26. Ra8 Rxa8 27. Qxa8+
Kh7 28. Qa3 Rb8 29. Nc4 Rf8 30. Bg2 Bf3 31. Qb2 Bxg2 32. Qxg2 Rb8 33. Bd2 Rb3
34. Rf1 Qe6 35. Qf3 Qh3 36. Nd6 Rb2 37. Nc4 Ra2 38. Qf7 Na5 39. Rf6 Ng8 40.
Nxe5 Nxf6 41. Qxa2 Nb7 42. Qf7 Nd8 43. Qg6+ Kg8 44. Bb4 Qe6 45. Qf5 Qb3 46. Be7
Qd1+ 47. Qf1 Qxf1+ 48. Kxf1 Ne6 49. Ke2 h5 50. h4 Ng4 51. Nc6 Kf7 52. Ba3 Ne3
53. Bb2 1-0

[Event "Club Championship 2022 A grade"]
[Site "Wellington Chess Club"]
[Date "2022.11.17"]
[Round "8.4"]
[White "Winter, Ryan"]
[Black "Forster, Bill"]
[Result "1/2-1/2"]
[WhiteElo "2195"]
[BlackElo "2035"]

1. e4 e5 2. Nf3 Nc6 3. Bb5 a6 4. Ba4 Nf6 5. Qe2 d6 6. c3 g6 7. d4 b5 8. Bb3 Bg7
9. O-O O-O 10. Rd1 Qe7 11. h3 Bb7 12. d5 Nb8 13. a4 Nbd7 14. Bc2 Nc5 15. b3 c6
16. dxc6 Bxc6 17. Bg5 h6 18. Bxf6 Qxf6 19. Nbd2 bxa4 20. b4 Ne6 21. Bxa4 Rfc8
22. Bxc6 Rxc6 23. Ra3 Rac8 24. Rc1 Qe7 25. Nf1 Rc4 26. Ne3 Nf4 27. Qc2 Rxc3 28.
Rxc3 Rxc3 29. Qxc3 Ne2+ 30. Kh2 Nxc3 31. Rxc3 Qb7 1/2-1/2

[Event "Club Championship 2022 A grade"]
[Site "Wellington Chess Club"]
[Date "2022.11.17"]
[Round "8.5"]
[White "Archer, Ollie"]
[Black "Ker, Anthony"]
[Result "1/2-1/2"]
[WhiteElo "2184"]
[BlackElo "2428"]

1. Nf3 c5 2. e4 g6 3. d4 cxd4 4. Nxd4 Nc6 5. c4 Nf6 6. Nc3 d6 7. f3 Nxd4 8.
Qxd4 Bg7 9. Be3 O-O 10. Qd2 Qa5 11. Rc1 Be6 12. b3 Rfc8 13. Be2 a6 14. Nd5
Qxd2+ 15. Kxd2 Nxd5 16. cxd5 Bd7 17. Rxc8+ Rxc8 18. Rc1 Rxc1 19. Kxc1 Kf8 20.
Kc2 e6 21. Bc4 b5 22. dxe6 fxe6 23. Be2 Bc6 24. Kd3 Ke7 25. Bd4 Bh6 26. Be3 Bg7
27. Bd4 Bxd4 28. Kxd4 e5+ 29. Kc3 a5 30. b4 a4 31. h4 h6 32. g3 g5 33. hxg5
hxg5 34. a3 Ke6 35. Kd2 d5 36. exd5+ Kxd5 37. Ke3 Bd7 38. Bd3 Be8 39. g4 Bd7
40. Bf5 Be8 1/2-1/2

[Event "Club Championship 2022 B grade"]
[Site "Wellington Chess Club"]
[Date "2022.11.17"]
[Round "8.1"]
[White "Perrin, Brent"]
[Black "Rossiter, Philip"]
[Result "1-0"]
[WhiteElo "1963"]
[BlackElo "1839"]

1. e4 d5 2. exd5 Nf6 3. Bb5+ Bd7 4. Bc4 b5 5. Bb3 Bg4 6. Ne2 Nxd5 7. O-O e6 8.
h3 Bh5 9. d3 Be7 10. Qe1 O-O 11. Nf4 Nxf4 12. Bxf4 Nc6 13. Nc3 Nd4 14. Qe5 Nxb3
15. axb3 Bd6 16. Qxh5 Bxf4 17. Qxb5 Qf6 18. Ra6 Rfd8 19. Rfa1 g6 20. Rxa7 Rxa7
21. Rxa7 Be5 22. Ra4 Qg5 23. f4 1-0

[Event "Club Championship 2022 B grade"]
[Site "Wellington Chess Club"]
[Date "2022.11.17"]
[Round "8.2"]
[White "Aldridge, Alan"]
[Black "Jackson, Ross"]
[Result "0-1"]
[WhiteElo "1806"]
[BlackElo "1904"]

1. e4 c5 2. Nf3 d6 3. d4 cxd4 4. Nxd4 Nf6 5. Nc3 a6 6. Bg5 e6 7. Qd2 Nbd7 8.
Bc4 Qc7 9. Bb3 b5 10. a3 Bb7 11. f3 Nc5 12. O-O Nxb3 13. cxb3 Be7 14. Rac1 Qd8
15. Rfd1 O-O 16. b4 Rc8 17. Kh1 h6 18. Be3 Qd7 19. Nde2 Qe8 20. Ng3 Kh7 21. Bd4
Nd7 22. Nce2 Ne5 23. b3 Nc6 24. Be3 f6 25. Nf4 Qf7 26. h4 g5 27. hxg5 hxg5 28.
Nd3 Kg7 29. Kg1 Rh8 30. Kf2 Rh7 31. a4 Qg6 32. Rh1 Rch8 33. Rxh7+ Rxh7 34. e5
fxe5 35. Ne4 g4 36. Ng5 gxf3 37. Ne1 fxg2 38. Nxg2 Nd4 39. Rg1 Bxg5 40. Bxg5
Qf5+ 41. Kg3 Rh3# 0-1

[Event "Club Championship 2022 B grade"]
[Site "Wellington Chess Club"]
[Date "2022.11.17"]
[Round "8.3"]
[White "Young, Cohen"]
[Black "Winsley, Nicholas"]
[Result "1-0"]
[WhiteElo "1931"]
[BlackElo "1943"]

1. e4 c5 2. Nf3 d6 3. d4 cxd4 4. Nxd4 Nf6 5. Nc3 a6 6. f3 e5 7. Nb3 Be6 8. Be3
Nbd7 9. Qd2 Be7 10. O-O-O b5 11. g4 b4 12. Na4 d5 13. g5 Nxe4 14. fxe4 d4 15.
Bxd4 exd4 16. h4 Bxb3 17. axb3 h6 18. Qxd4 hxg5 19. Bh3 Nf6 20. Qc4 1-0

[Event "Club Championship 2022 B grade"]
[Site "Wellington Chess Club"]
[Date "2022.11.17"]
[Round "8.4"]
[White "Malcolm, Leo"]
[Black "Benitez, Edgar"]
[Result "0-1"]
[WhiteElo "1871"]
[BlackElo "1952"]

1. e4 e6 2. d4 d5 3. e5 a6 4. Nf3 Bd7 5. a4 a5 6. Bd3 c5 7. c3 Nc6 8. O-O Qb6
9. dxc5 Bxc5 10. Na3 Nge7 11. Nb5 Ng6 12. Qe2 O-O 13. h4 h6 14. h5 Nge7 15. Nh2
Nf5 16. Bf4 Qd8 17. Qf3 f6 18. Bxf5 fxe5 19. Bxh6 Rxf5 20. Qg3 Qf6 21. Ng4 Qf7
22. Bxg7 (22. Be3 Bxe3 23. fxe3 Kh7 24. Nd6 Qe7 (24... Rxf1+ 25. Rxf1 Qxh5 26.
Rf7) 25. Nxf5) 22... Qxg7 23. Nh6+ Kh7 24. Nxf5 exf5 25. Qd3 Be6 26. Kh2 Rg8
27. g3 e4 28. Qe2 f4 29. Rg1 f3 30. Qf1 Ne5 31. Nd4 Bd7 32. Rd1 Ng4+ 33. Kh1
Qh6 34. Nxf3 exf3 35. Qd3+ Kh8 36. Qxf3 Rf8 37. Qxd5 Bc6 0-1

[Event "Club Championship 2022 Swiss"]
[Site "Wellington Chess Club"]
[Date "2022.11.17"]
[Round "8.1"]
[White "Enegbuma, Wallace"]
[Black "Sole, Michael"]
[Result "1/2-1/2"]
[WhiteElo "1841"]
[BlackElo "2149"]

1. e4 c6 2. Nf3 d5 3. exd5 cxd5 4. d4 Nc6 5. Be2 Bf5 6. c3 Qc7 7. Nbd2 e6 8.
Nf1 Bd6 9. Ng3 Bg4 10. Ng5 Bxe2 11. Qxe2 Nge7 12. Qh5 Ng6 13. O-O O-O-O 14. f4
Rde8 15. Qg4 Nd8 16. f5 exf5 17. Qxf5+ Kb8 18. Qxd5 Bxg3 19. hxg3 Qxg3 20. Ne4
Qc7 21. Bd2 Ne6 22. Rae1 h5 23. Qf5 Rhf8 24. Ng5 Qg3 25. Ne4 Qc7 26. Be3 Ne7
27. Qxh5 Ng6 28. Qh2 Qxh2+ 29. Kxh2 1/2-1/2